Geneze neoklasických modelů růstu

Základné predpoklady neoklasického Solow-Swanovho modelu. Prezentácia hlavnej myšlienky všeobecnejšieho neoklasického Ramseyho modelu. Otvorená ekonomika v kontexte neoklasického rastu. Teória rastu a endogénne rastové modely. Technologické zmeny.

Guardado en:
Detalles Bibliográficos
Autor principal: Duczynski, Petr
Formato: Capítulo de libro
Lenguaje:checo
Materias:
Etiquetas: Agregar Etiqueta
Sin Etiquetas, Sea el primero en etiquetar este registro!

MARC

LEADER 00000naa$a2200000$$$4500
001 0076152
005 20231102111739.8
041 0 |a cze 
044 |a SK 
245 1 0 |a Geneze neoklasických modelů růstu  |c Petr Duczynski 
520 |a Základné predpoklady neoklasického Solow-Swanovho modelu. Prezentácia hlavnej myšlienky všeobecnejšieho neoklasického Ramseyho modelu. Otvorená ekonomika v kontexte neoklasického rastu. Teória rastu a endogénne rastové modely. Technologické zmeny. 
610 2 0 |a modely rastu 
610 2 0 |a modely rastu neoklasické 
610 2 0 |a zmeny technologické 
100 1 |a Duczynski, Petr